000 01118nam a2200289 i 4500
003 DO-SdBNP
005 20250613140054.0
007 ta
008 250514b2025 dr ||||| |||| 00| 0 spa d
020 _a9789945940831
040 _aDO-SdBNP
_bspa
_cBNPHU
_erda
082 4 _axxx
_bxxx
_222
100 1 _aDuarte Canaán, Pedro J.,
_d1963-
_eautor
_4aut.
_96300
245 1 3 _aEl arte de la litigación oral penal :
_bredefiniendo las estrategias del litigio /
_cPedro J. Duarte Canaán ; prólogo, Deborah Elizabeth Huczek, Ramón Horacio González Pérez
250 _aCuarta edición extendida y optimizada
264 4 _aSanto Domingo ;
_bEditora Alfa y omega,
_c©2025.
300 _a336 páginas ;
_c23 cm.
336 _atexto
_btxt
_2rdacontent
337 _asin mediación
_bn
_2rdamedia
338 _avolumen
_bnc
_2rdacarrier
500 _aIncluye datos biográficos del autor en las solapas
590 _aInventariado, 2025/BT
700 1 _aHuczek, Deborah Elizabeth,
_eprologuista
_4pr.
_987768
700 1 _aGonzález Pérez, Ramón Horacio,
_eprologuista
_4pr.
_914476
910 _aBtavárez
942 _2ddc
_cLBS1
999 _c58765
_d58765